[Event "Moscow Open 2016 A"]
[Site "?"]
[Date "2016.01.31"]
[Round "2.16"]
[White "Gevorgyan, David Sh."]
[Black "Yudin, Sergei"]
[Result "*"]
[BlackElo "2545"]
[WhiteElo "2356"]
[LiveChessVersion "1.4.7"]

1. e4 {[%clk 1:29:31]} d6 {[%clk 1:27:13]} 2. d4 {[%clk 1:29:52]} Nf6
{[%clk 1:27:37]} 3. Nc3 {[%clk 1:30:18]} e5 {[%clk 1:27:33]} 4. Nf3
{[%clk 1:30:36]} Nbd7 {[%clk 1:27:28]} 5. Bc4 {[%clk 1:30:32]} Be7
{[%clk 1:27:50]} 6. O-O {[%clk 1:30:43]} O-O {[%clk 1:28:14]} 7. a4
{[%clk 1:30:46]} c6 {[%clk 1:27:36]} 8. a5 Rb8 {[%clk 1:26:23]} 9. Qe2
{[%clk 1:25:39]} b5 {[%clk 1:18:53]} 10. axb6 {[%clk 1:25:18]} axb6
{[%clk 1:19:06]} 11. d5 {[%clk 1:17:41]} cxd5 {[%clk 1:11:54]} 12. exd5
{[%clk 1:17:54]} Ne8 {[%clk 1:11:05]} 13. Na2 {[%clk 1:01:54]} Nc7
{[%clk 1:04:36]} 14. Nb4 {[%clk 1:01:20]} Bb7 {[%clk 1:05:00]} 15. Rd1
{[%clk 0:42:04]} Ra8 {[%clk 0:54:46]} 16. Be3 Qb8 {[%clk 0:51:28]} 17. c3
{[%clk 0:30:12]} Ra5 {[%clk 0:45:47]} 18. Nc6 {[%clk 0:16:24]} Bxc6
{[%clk 0:45:28]} 19. dxc6 {[%clk 0:16:51]} Nf6 {[%clk 0:45:07]} 20. Rxa5
{[%clk 0:12:29]} bxa5 {[%clk 0:44:53]} 21. Ba6 {[%clk 0:12:27]} Qb3
{[%clk 0:33:33]} 22. Bb7 {[%clk 0:06:52]} Nfd5 {[%clk 0:33:11]} 23. Bc1
{[%clk 0:03:28]} Ne6 {[%clk 0:32:58]} 24. Rd2 {[%clk 0:01:23]} Ndc7
{[%clk 0:27:27]} 25. Qd1 {[%clk 0:01:17]} Qb5 {[%clk 0:27:13]} 26. Qe2
{[%clk 0:00:40]} Qxe2 {[%clk 0:26:17]} 27. Rxe2 {[%clk 0:01:07]} Nc5
{[%clk 0:26:40]} 28. Be3 {[%clk 0:00:49]} N7e6 {[%clk 0:26:06]} 29. Bxc5
{[%clk 0:00:36]} Nxc5 {[%clk 0:26:30]} 30. Nxe5 {[%clk 0:00:40]} dxe5
{[%clk 0:25:59]} 31. Rxe5 {[%clk 0:01:07]} Ne6 {[%clk 0:24:38]} 32. Rxe6
{[%clk 0:01:01]} fxe6 {[%clk 0:25:01]} 33. c7 {[%clk 0:01:27]} a4
{[%clk 0:24:47]} 34. c8=Q {[%clk 0:01:01]} Rxc8 {[%clk 0:25:11]} 35. Bxc8
{[%clk 0:01:29]} Kf7 {[%clk 0:25:33]} 36. Bd7 {[%clk 0:01:32]} a3
{[%clk 0:25:59]} 37. bxa3 {[%clk 0:02:00]} Bxa3 {[%clk 0:26:22]} 38. Kf1
{[%clk 0:01:32]} Ke7 {[%clk 0:26:41]} 39. Ba4 {[%clk 0:01:51]} Kd6
{[%clk 0:27:05]} 40. Ke2 {[%clk 0:32:05]} Bc5 {[%clk 0:57:03]} 41. Bc2
{[%clk 0:32:28]} h6 {[%clk 0:57:28]} 42. g3 {[%clk 0:32:26]} g5 {[%clk 0:57:26]}
43. h3 {[%clk 0:30:46]} *

[Event "Moscow Open 2016 A"]
[Site "?"]
[Date "2016.01.31"]
[Round "2.17"]
[White "Vokhidov, Shamsiddin"]
[Black "Predke, Alexandr"]
[Result "*"]
[BlackElo "2520"]
[WhiteElo "2352"]
[LiveChessVersion "1.4.7"]

1. e4 {[%clk 1:30:57]} c6 {[%clk 1:30:07]} 2. d4 {[%clk 1:31:17]} d5
{[%clk 1:30:31]} 3. Nc3 {[%clk 1:31:41]} dxe4 {[%clk 1:30:54]} 4. Nxe4
{[%clk 1:32:08]} Bf5 {[%clk 1:31:17]} 5. Ng3 {[%clk 1:32:28]} Bg6
{[%clk 1:31:39]} 6. h4 {[%clk 1:32:53]} h6 {[%clk 1:31:59]} 7. Nf3
{[%clk 1:33:16]} e6 {[%clk 1:32:19]} 8. Ne5 {[%clk 1:33:30]} Bh7 {[%clk 1:32:43]}
9. Bd3 {[%clk 1:33:49]} Bxd3 {[%clk 1:33:07]} 10. Qxd3 {[%clk 1:34:14]} Nd7
{[%clk 1:33:32]} 11. Bf4 {[%clk 1:34:24]} Nxe5 {[%clk 1:32:44]} 12. Bxe5
{[%clk 1:34:17]} Qa5+ {[%clk 1:33:10]} 13. c3 {[%clk 1:34:37]} Nf6
{[%clk 1:33:36]} 14. Ne4 {[%clk 1:33:31]} Nxe4 {[%clk 1:30:27]} 15. Qxe4
{[%clk 1:33:57]} Qd5 {[%clk 1:30:29]} 16. Qxd5 {[%clk 1:32:40]} cxd5
{[%clk 1:27:07]} 17. h5 {[%clk 1:32:58]} f6 {[%clk 1:27:03]} 18. Bf4
{[%clk 1:32:57]} Kf7 {[%clk 1:25:54]} 19. Kd2 {[%clk 1:29:14]} Be7
{[%clk 1:26:00]} 20. a4 {[%clk 1:29:19]} Rac8 {[%clk 1:26:07]} 21. Kd3
{[%clk 1:27:36]} Rc6 {[%clk 1:26:10]} 22. Rhe1 {[%clk 1:27:11]} Rhc8
{[%clk 1:18:24]} 23. Re2 {[%clk 1:25:58]} Ra6 {[%clk 1:14:17]} 24. Ree1
{[%clk 1:22:19]} Rc4 {[%clk 1:09:57]} 25. b3 {[%clk 1:21:16]} Rc8
{[%clk 1:10:21]} 26. Rec1 {[%clk 1:17:16]} Rac6 {[%clk 1:10:28]} 27. Rab1
{[%clk 1:14:16]} Rd8 {[%clk 1:00:19]} 28. Rc2 {[%clk 1:11:16]} Rd7
{[%clk 0:59:57]} 29. g4 {[%clk 1:10:09]} Bd8 {[%clk 0:56:13]} 30. Bb8
{[%clk 1:07:26]} Bb6 {[%clk 0:45:31]} 31. f3 {[%clk 1:04:24]} Rd8
{[%clk 0:44:28]} 32. Bg3 {[%clk 1:04:28]} Rd7 {[%clk 0:40:16]} 33. Re1
{[%clk 1:03:11]} Rd8 {[%clk 0:39:35]} 34. Bf2 {[%clk 1:01:48]} Bc7
{[%clk 0:35:27]} 35. c4 {[%clk 0:58:53]} dxc4+ {[%clk 0:33:49]} 36. bxc4
{[%clk 0:54:33]} Bb6 {[%clk 0:19:06]} 37. Rb1 {[%clk 0:49:44]} Rd7
{[%clk 0:19:26]} 38. Ke4 {[%clk 0:48:46]} Bd8 {[%clk 0:10:35]} 39. f4
{[%clk 0:47:12]} Ra6 {[%clk 0:10:18]} 40. Rcb2 {[%clk 1:15:49]} Rxa4
{[%clk 0:34:41]} 41. Rxb7 {[%clk 1:16:03]} Bc7 {[%clk 0:35:00]} 42. c5
{[%clk 1:13:07]} Re7 {[%clk 0:32:10]} 43. R1b4 {[%clk 1:08:22]} Ra2
{[%clk 0:32:17]} 44. Rb2 {[%clk 1:08:14]} Ra3 {[%clk 0:32:14]} 45. d5
{[%clk 1:05:19]} exd5+ {[%clk 0:26:07]} 46. Kxd5 {[%clk 1:05:31]} Rd3+
{[%clk 0:26:18]} *

[Event "Moscow Open 2016 A"]
[Site "?"]
[Date "2016.01.31"]
[Round "2.18"]
[White "Ivanov, Oleg V"]
[Black "Chos, Alexey"]
[Result "*"]
[BlackElo "2348"]
[WhiteElo "2519"]
[LiveChessVersion "1.4.7"]

1. e4 {[%clk 1:30:52]} c5 {[%clk 1:30:59]} 2. Nf3 {[%clk 1:31:07]} d6
{[%clk 1:31:28]} 3. d4 {[%clk 1:30:55]} cxd4 {[%clk 1:31:56]} 4. Nxd4
{[%clk 1:31:20]} Nf6 {[%clk 1:32:24]} 5. Nc3 {[%clk 1:31:06]} a6 {[%clk 1:32:53]}
6. h3 {[%clk 1:29:49]} e6 {[%clk 1:31:34]} 7. g4 {[%clk 1:29:24]} h6
{[%clk 1:31:03]} 8. Bg2 {[%clk 1:24:56]} Be7 {[%clk 1:22:08]} 9. O-O
{[%clk 1:24:36]} Nbd7 {[%clk 1:17:11]} 10. Nce2 {[%clk 1:07:36]} Qc7
{[%clk 1:11:29]} 11. b3 {[%clk 1:00:23]} Nf8 {[%clk 1:08:19]} 12. c4
{[%clk 0:54:06]} Ng6 {[%clk 1:08:24]} 13. Ng3 {[%clk 0:52:49]} O-O
{[%clk 1:05:17]} 14. Be3 {[%clk 0:50:22]} Bd7 {[%clk 1:05:09]} 15. a4
{[%clk 0:45:52]} Rad8 {[%clk 1:03:27]} 16. Qd2 {[%clk 0:44:02]} Rfe8
{[%clk 1:01:50]} 17. a5 {[%clk 0:43:26]} Qb8 {[%clk 1:00:09]} 18. f4
{[%clk 0:32:57]} Nh4 {[%clk 0:54:50]} 19. Bh1 {[%clk 0:31:04]} Nh7
{[%clk 0:51:14]} 20. Nf3 {[%clk 0:26:52]} Nxf3+ {[%clk 0:45:44]} 21. Bxf3
{[%clk 0:25:42]} Bh4 {[%clk 0:43:28]} 22. Qg2 {[%clk 0:23:57]} e5
{[%clk 0:38:34]} 23. fxe5 {[%clk 0:16:04]} dxe5 {[%clk 0:32:20]} 24. Bb6
{[%clk 0:16:23]} Rc8 {[%clk 0:31:37]} 25. Rad1 {[%clk 0:16:25]} Be6
{[%clk 0:29:42]} 26. Nf5 {[%clk 0:15:33]} Bxf5 {[%clk 0:29:58]} 27. exf5
{[%clk 0:15:44]} e4 {[%clk 0:30:17]} 28. Bxe4 {[%clk 0:15:33]} Rxe4
{[%clk 0:30:08]} 29. Qxe4 {[%clk 0:15:54]} Qg3+ {[%clk 0:30:26]} 30. Qg2
{[%clk 0:15:40]} Qxb3 {[%clk 0:30:44]} 31. Qf3 {[%clk 0:11:14]} Qc2
{[%clk 0:24:37]} 32. Qd3 {[%clk 0:09:08]} Qb2 {[%clk 0:23:31]} 33. Bf2
{[%clk 0:08:04]} Bf6 {[%clk 0:21:51]} 34. Rb1 {[%clk 0:06:55]} Qa2
{[%clk 0:21:33]} 35. Rxb7 {[%clk 0:06:36]} Ng5 {[%clk 0:17:09]} 36. h4
{[%clk 0:05:17]} Rxc4 {[%clk 0:17:04]} *

[Event "Moscow Open 2016 A"]
[Site "?"]
[Date "2016.01.31"]
[Round "2.19"]
[White "Lomasov, Semen"]
[Black "Meskovs, Nikita"]
[Result "*"]
[BlackElo "2515"]
[WhiteElo "2344"]
[LiveChessVersion "1.4.7"]

1. d4 {[%clk 1:30:57]} Nf6 {[%clk 1:30:37]} 2. Bg5 {[%clk 1:31:22]} d5
{[%clk 1:29:27]} 3. Bxf6 {[%clk 1:31:44]} gxf6 {[%clk 1:26:22]} 4. e3
{[%clk 1:32:07]} c5 {[%clk 1:24:13]} 5. dxc5 {[%clk 1:32:18]} e6 {[%clk 1:23:16]}
6. c4 {[%clk 1:32:35]} dxc4 {[%clk 1:22:26]} 7. Nd2 {[%clk 1:22:20]} c3
{[%clk 1:14:40]} 8. bxc3 {[%clk 1:22:42]} Bxc5 {[%clk 1:14:58]} 9. Ngf3
{[%clk 1:22:27]} Nc6 {[%clk 1:11:52]} 10. Be2 {[%clk 1:22:16]} Be7
{[%clk 1:05:49]} 11. O-O {[%clk 1:17:18]} Qc7 {[%clk 1:04:36]} 12. Nd4
{[%clk 1:16:47]} a6 {[%clk 1:01:44]} 13. Rb1 {[%clk 1:04:39]} Bd7
{[%clk 0:57:34]} 14. Nc4 {[%clk 0:56:20]} b5 {[%clk 0:54:16]} 15. Nd2
{[%clk 0:55:29]} Na5 {[%clk 0:47:03]} 16. Bh5 {[%clk 0:45:03]} Rg8
{[%clk 0:39:44]} 17. Qc2 {[%clk 0:29:32]} f5 {[%clk 0:35:52]} 18. e4
{[%clk 0:29:18]} f4 {[%clk 0:35:20]} 19. N2f3 {[%clk 0:25:23]} e5
{[%clk 0:28:34]} 20. Nf5 {[%clk 0:24:43]} Nc4 {[%clk 0:28:52]} 21. Nd2
{[%clk 0:09:47]} Nxd2 {[%clk 0:19:24]} 22. Qxd2 {[%clk 0:10:11]} Qc6
{[%clk 0:19:50]} 23. Nxe7 {[%clk 0:09:18]} Kxe7 {[%clk 0:19:39]} 24. Bf3
{[%clk 0:09:36]} Bh3 {[%clk 0:14:33]} 25. Kh1 {[%clk 0:09:36]} Rad8
{[%clk 0:14:28]} 26. Qc2 {[%clk 0:03:16]} Be6 {[%clk 0:11:12]} 27. Qb2
{[%clk 0:03:40]} Bc4 {[%clk 0:09:42]} 28. Rfd1 {[%clk 0:04:02]} *

[Event "Moscow Open 2016 A"]
[Site "?"]
[Date "2016.01.31"]
[Round "2.20"]
[White "Sviridov, Valery"]
[Black "Sorokin, Aleksey"]
[Result "*"]
[BlackElo "2344"]
[WhiteElo "2511"]
[LiveChessVersion "1.4.7"]

1. d4 {[%clk 1:30:50]} Nf6 {[%clk 1:30:34]} 2. c4 {[%clk 1:31:11]} g6
{[%clk 1:30:24]} 3. Nc3 {[%clk 1:29:14]} d5 {[%clk 1:30:36]} 4. e3
{[%clk 1:29:28]} Bg7 {[%clk 1:30:25]} 5. Qb3 {[%clk 1:29:41]} e6 {[%clk 1:29:53]}
6. Qa3 {[%clk 1:29:38]} Nc6 {[%clk 1:25:49]} 7. Nf3 {[%clk 1:28:32]} a5
{[%clk 1:18:34]} 8. Be2 {[%clk 1:28:19]} Nb4 {[%clk 1:18:38]} 9. Qa4+
{[%clk 1:28:37]} Bd7 {[%clk 1:17:19]} 10. Qb3 {[%clk 1:28:56]} dxc4
{[%clk 1:03:45]} 11. Bxc4 {[%clk 1:28:58]} c5 {[%clk 0:59:36]} 12. dxc5
{[%clk 1:12:54]} Qc8 {[%clk 0:55:12]} 13. Na4 {[%clk 0:57:38]} O-O
{[%clk 0:52:52]} 14. O-O {[%clk 0:54:33]} Bxa4 15. Qxa4 {[%clk 0:54:55]} Qxc5
{[%clk 0:45:46]} 16. Be2 {[%clk 0:53:43]} Qc6 {[%clk 0:35:49]} 17. Bb5
{[%clk 0:46:13]} Qc2 {[%clk 0:30:53]} 18. Qxc2 {[%clk 0:44:24]} Nxc2
{[%clk 0:31:21]} 19. Rb1 {[%clk 0:44:45]} Nb4 {[%clk 0:31:23]} 20. a3
{[%clk 0:35:27]} Nbd5 {[%clk 0:31:39]} 21. Bd2 {[%clk 0:31:34]} Ne4
{[%clk 0:31:13]} 22. Rfd1 {[%clk 0:31:26]} Nxd2 {[%clk 0:30:20]} 23. Nxd2
{[%clk 0:26:55]} Rfc8 {[%clk 0:29:45]} 24. a4 {[%clk 0:22:31]} Rc5
{[%clk 0:22:29]} 25. Nc4 {[%clk 0:21:23]} f5 {[%clk 0:19:30]} 26. f3
{[%clk 0:15:13]} Bf8 {[%clk 0:11:56]} 27. Rbc1 {[%clk 0:11:55]} Rc7
{[%clk 0:08:49]} 28. e4 {[%clk 0:07:57]} fxe4 {[%clk 0:08:42]} 29. fxe4
{[%clk 0:08:23]} Nf6 {[%clk 0:08:34]} 30. e5 {[%clk 0:08:28]} *

[Event "Moscow Open 2016 A"]
[Site "?"]
[Date "2016.01.31"]
[Round "2.21"]
[White "Belenkaya, Dina"]
[Black "Paravyan, David"]
[Result "*"]
[BlackElo "2509"]
[WhiteElo "2343"]
[LiveChessVersion "1.4.7"]

1. e4 {[%clk 1:30:55]} d6 {[%clk 1:30:50]} 2. d4 {[%clk 1:30:24]} Nf6
{[%clk 1:31:15]} 3. Nc3 {[%clk 1:30:00]} g6 {[%clk 1:31:37]} 4. Be3
{[%clk 1:29:45]} Bg7 {[%clk 1:31:28]} 5. Qd2 {[%clk 1:28:35]} c6 {[%clk 1:30:02]}
6. Nf3 {[%clk 1:28:44]} b5 {[%clk 1:26:11]} 7. Bd3 {[%clk 1:28:38]} Nbd7
{[%clk 1:24:05]} 8. O-O {[%clk 1:27:38]} O-O {[%clk 1:23:57]} 9. Bh6
{[%clk 1:23:44]} e5 {[%clk 1:23:49]} 10. Bxg7 {[%clk 1:19:53]} Kxg7
{[%clk 1:23:52]} 11. Ne2 {[%clk 1:02:10]} exd4 {[%clk 1:14:09]} 12. Nexd4
{[%clk 0:52:20]} Qb6 {[%clk 1:13:43]} 13. a4 {[%clk 0:41:22]} bxa4 14. Rxa4
{[%clk 0:36:41]} Nc5 {[%clk 1:12:01]} 15. Rb4 {[%clk 0:33:37]} Qc7
{[%clk 1:11:23]} 16. Nf5+ {[%clk 0:30:54]} Bxf5 17. exf5 {[%clk 0:31:16]} Qa5
{[%clk 1:11:50]} 18. c3 {[%clk 0:25:51]} Nxd3 {[%clk 1:03:08]} 19. Qxd3
{[%clk 0:26:17]} Rad8 {[%clk 1:03:20]} 20. Rb7 {[%clk 0:22:31]} Rb8
{[%clk 0:51:58]} 21. Re7 {[%clk 0:14:12]} Qd5 {[%clk 0:46:34]} 22. Qc2
{[%clk 0:11:17]} c5 {[%clk 0:35:57]} 23. Rxa7 {[%clk 0:06:20]} Qxf5
{[%clk 0:26:11]} 24. Qxf5 {[%clk 0:05:52]} gxf5 {[%clk 0:26:35]} 25. Nh4
{[%clk 0:04:57]} f4 {[%clk 0:26:07]} 26. Nf5+ {[%clk 0:04:09]} Kg6
{[%clk 0:26:31]} 27. Nxd6 {[%clk 0:03:15]} Rxb2 {[%clk 0:26:39]} 28. Ra5
{[%clk 0:02:32]} Rd2 {[%clk 0:26:12]} 29. Nc4 {[%clk 0:02:04]} Rd5
{[%clk 0:26:36]} 30. Re1 {[%clk 0:02:15]} Re8 {[%clk 0:25:06]} 31. Kf1
{[%clk 0:02:38]} Rxe1+ {[%clk 0:19:59]} 32. Kxe1 {[%clk 0:03:07]} Ne4
{[%clk 0:20:18]} 33. Ra3 {[%clk 0:03:25]} *

[Event "Moscow Open 2016 A"]
[Site "?"]
[Date "2016.01.31"]
[Round "2.22"]
[White "Solovjev, Nikolay"]
[Black "Gordievsky, Dmitry"]
[Result "0-1"]
[BlackElo "2506"]
[WhiteElo "2332"]
[LiveChessVersion "1.4.7"]

1. Nf3 {[%clk 1:30:55]} c5 {[%clk 1:29:34]} 2. c4 {[%clk 1:30:41]} g6
{[%clk 1:26:30]} 3. Nc3 {[%clk 1:24:11]} Bg7 {[%clk 1:26:19]} 4. g3
{[%clk 1:21:44]} Nc6 {[%clk 1:24:09]} 5. Bg2 {[%clk 1:21:58]} Nh6
{[%clk 1:21:38]} 6. d4 {[%clk 1:16:12]} Nxd4 {[%clk 1:13:02]} 7. Nxd4
{[%clk 1:14:59]} cxd4 {[%clk 1:13:26]} 8. Bxh6 {[%clk 1:15:14]} Bxh6
{[%clk 1:13:53]} 9. Qxd4 {[%clk 1:15:12]} O-O {[%clk 1:13:38]} 10. h4
{[%clk 1:11:47]} Bg7 {[%clk 1:13:29]} 11. Qd2 {[%clk 1:11:48]} Rb8
{[%clk 0:56:05]} 12. h5 {[%clk 1:11:11]} b5 {[%clk 0:53:45]} 13. hxg6
{[%clk 1:08:04]} hxg6 {[%clk 0:50:15]} 14. cxb5 {[%clk 1:06:32]} d6
{[%clk 0:46:44]} 15. a4 {[%clk 1:05:13]} Bb7 {[%clk 0:35:51]} 16. e4
{[%clk 0:57:10]} a6 {[%clk 0:31:32]} 17. Bf1 {[%clk 0:55:21]} e6 {[%clk 0:28:06]}
18. bxa6 {[%clk 0:50:50]} Bxe4 {[%clk 0:25:47]} 19. Nxe4 {[%clk 0:39:29]} Rxb2
{[%clk 0:26:12]} 20. Qg5 {[%clk 0:38:47]} Bc3+ {[%clk 0:17:51]} 21. Kd1
{[%clk 0:38:38]} Qb6 {[%clk 0:17:14]} 22. Ra3 {[%clk 0:10:35]} Qd4+
{[%clk 0:16:42]} 23. Kc1 {[%clk 0:10:59]} Qxe4 0-1

[Event "Moscow Open 2016 A"]
[Site "?"]
[Date "2016.01.31"]
[Round "2.23"]
[White "Frolov, Ivan"]
[Black "Igonin, Temur"]
[Result "1/2-1/2"]
[BlackElo "2498"]
[WhiteElo "2318"]
[LiveChessVersion "1.4.7"]

1. e4 {[%clk 1:21:44]} c5 {[%clk 1:30:56]} 2. c3 {[%clk 1:22:05]} d5
{[%clk 1:30:59]} 3. exd5 {[%clk 1:22:30]} Qxd5 {[%clk 1:30:56]} 4. d4
{[%clk 1:22:53]} e6 {[%clk 1:27:58]} 5. Nf3 {[%clk 1:23:17]} Nf6 {[%clk 1:26:49]}
6. Na3 {[%clk 1:18:34]} Be7 {[%clk 1:15:07]} 7. Nb5 {[%clk 1:18:51]} Na6
{[%clk 1:11:43]} 8. Be3 {[%clk 1:18:22]} Ng4 {[%clk 1:02:34]} 9. Bd3
{[%clk 1:00:54]} O-O {[%clk 0:48:11]} 10. Qe2 {[%clk 0:58:55]} Bd7
{[%clk 0:33:39]} 11. O-O {[%clk 0:48:54]} Rfc8 {[%clk 0:27:47]} 12. c4
{[%clk 0:45:08]} Qh5 {[%clk 0:26:45]} 13. Bf4 {[%clk 0:42:53]} Bxb5
{[%clk 0:21:52]} 14. cxb5 {[%clk 0:43:08]} Nb4 {[%clk 0:21:30]} 15. Bc4
{[%clk 0:38:26]} cxd4 {[%clk 0:14:15]} 16. Bxe6 {[%clk 0:38:51]} d3
{[%clk 0:12:41]} 17. Qe4 {[%clk 0:38:50]} fxe6 {[%clk 0:10:05]} 18. Qxe6+
{[%clk 0:39:15]} Kf8 {[%clk 0:07:46]} 19. Bd6 {[%clk 0:38:34]} Nd5
{[%clk 0:07:38]} 20. Rfe1 {[%clk 0:35:33]} Bxd6 {[%clk 0:05:29]} 21. Qxd6+
{[%clk 0:35:56]} Kg8 {[%clk 0:05:49]} 22. Qe6+ {[%clk 0:32:19]} Kh8
{[%clk 0:05:44]} 23. h3 {[%clk 0:32:29]} d2 {[%clk 0:03:43]} 24. hxg4
{[%clk 0:32:02]} dxe1=Q+ {[%clk 0:02:28]} 25. Rxe1 {[%clk 0:32:27]} Qh6
{[%clk 0:01:34]} 26. Qxd5 {[%clk 0:32:13]} Rc1 {[%clk 0:01:26]} 27. Qxb7
{[%clk 0:27:28]} Re8 {[%clk 0:01:22]} 28. Rxc1 {[%clk 0:27:02]} Qxc1+
{[%clk 0:01:51]} 29. Kh2 {[%clk 0:27:24]} Qh6+ {[%clk 0:01:49]} 30. Kg3
{[%clk 0:26:38]} Qd6+ {[%clk 0:01:49]} 31. Kh3 {[%clk 0:27:02]} Qh6+
{[%clk 0:01:54]} 32. Kg3 {[%clk 0:27:28]} Qd6+ {[%clk 0:01:25]} 33. Kh3
{[%clk 0:27:53]} Qh6+ {[%clk 0:01:40]} 34. Kg3 1/2-1/2

[Event "Moscow Open 2016 A"]
[Site "?"]
[Date "2016.01.31"]
[Round "2.24"]
[White "Zhu, Yi"]
[Black "Geller, Jakov"]
[Result "1/2-1/2"]
[BlackElo "2487"]
[WhiteElo "2295"]
[LiveChessVersion "1.4.7"]

1. d4 {[%clk 1:30:56]} d5 {[%clk 1:30:49]} 2. c4 {[%clk 1:31:16]} e6
{[%clk 1:31:13]} 3. Nf3 {[%clk 1:29:38]} c6 {[%clk 1:30:59]} 4. Nc3
{[%clk 1:29:19]} dxc4 {[%clk 1:31:20]} 5. e4 {[%clk 1:27:57]} b5 {[%clk 1:31:40]}
6. a4 {[%clk 1:27:22]} Bb4 {[%clk 1:31:29]} 7. g3 {[%clk 1:24:55]} Bb7
{[%clk 1:23:24]} 8. Bg2 {[%clk 1:24:44]} Nf6 {[%clk 1:22:14]} 9. O-O
{[%clk 1:25:00]} a6 {[%clk 1:21:49]} 10. Nh4 {[%clk 1:17:19]} Nbd7
{[%clk 1:09:52]} 11. e5 {[%clk 1:13:45]} Nd5 {[%clk 1:09:13]} 12. Ne4
{[%clk 1:12:52]} Be7 {[%clk 1:03:06]} 13. Qg4 {[%clk 1:12:19]} g6
{[%clk 1:00:07]} 14. Bg5 {[%clk 1:08:19]} Bxg5 {[%clk 0:50:42]} 15. Nd6+
{[%clk 1:06:11]} Kf8 {[%clk 0:51:05]} 16. Nxb7 {[%clk 1:06:13]} Qb6
{[%clk 0:46:20]} 17. axb5 {[%clk 0:54:20]} Bxh4 {[%clk 0:17:04]} 18. bxc6
{[%clk 0:54:24]} Qxc6 {[%clk 0:16:30]} 19. Na5 {[%clk 0:54:40]} Qb5
{[%clk 0:16:48]} 20. Qxh4 {[%clk 0:54:31]} Kg7 {[%clk 0:16:15]} 21. Rfc1
{[%clk 0:54:59]} N7b6 {[%clk 0:15:15]} 22. Bxd5 {[%clk 0:43:56]} Nxd5
{[%clk 0:15:19]} 23. Nxc4 {[%clk 0:43:41]} Rhc8 {[%clk 0:13:43]} 24. Nd6
{[%clk 0:43:37]} Rxc1+ {[%clk 0:14:04]} 25. Rxc1 {[%clk 0:44:05]} Qxb2
{[%clk 0:12:47]} 26. Rc5 {[%clk 0:42:48]} Rf8 {[%clk 0:11:19]} 27. Rxd5
{[%clk 0:39:55]} Qc1+ {[%clk 0:06:21]} 28. Kg2 {[%clk 0:40:21]} Qc6
{[%clk 0:05:51]} 29. Nf5+ {[%clk 0:40:43]} gxf5 {[%clk 0:05:38]} 30. Qf6+
{[%clk 0:41:01]} Kg8 {[%clk 0:06:02]} 31. Qg5+ {[%clk 0:41:28]} Kh8
{[%clk 0:06:27]} 32. Qf6+ {[%clk 0:41:55]} Kg8 {[%clk 0:06:21]} 1/2-1/2

[Event "Moscow Open 2016 A"]
[Site "?"]
[Date "2016.01.31"]
[Round "2.25"]
[White "Badmatsyrenov, Oleg"]
[Black "Natacheev, Peter"]
[Result "*"]
[BlackElo "2341"]
[WhiteElo "2473"]
[LiveChessVersion "1.4.7"]

1. e4 {[%clk 1:30:54]} e5 {[%clk 1:30:54]} 2. Nf3 {[%clk 1:31:19]} Nc6
{[%clk 1:31:20]} 3. Bc4 {[%clk 1:31:43]} Bc5 {[%clk 1:31:45]} 4. d3
{[%clk 1:32:08]} Nf6 {[%clk 1:31:38]} 5. Nc3 {[%clk 1:32:31]} d6 {[%clk 1:30:11]}
6. Bg5 {[%clk 1:31:58]} h6 {[%clk 1:26:26]} 7. Bxf6 {[%clk 1:32:23]} Qxf6
{[%clk 1:26:49]} 8. Nd5 {[%clk 1:32:49]} Qd8 {[%clk 1:27:15]} 9. c3
{[%clk 1:33:15]} O-O {[%clk 1:16:41]} 10. h3 {[%clk 1:28:26]} Ne7
{[%clk 1:12:44]} 11. Ne3 {[%clk 1:28:53]} c6 {[%clk 1:11:33]} 12. Bb3
{[%clk 1:28:17]} Ng6 {[%clk 1:06:24]} 13. O-O {[%clk 1:28:41]} Qf6
{[%clk 1:03:20]} 14. d4 {[%clk 1:23:06]} Bb6 {[%clk 1:00:04]} 15. Re1
{[%clk 1:21:34]} Nf4 {[%clk 0:56:58]} 16. Ng4 {[%clk 1:13:53]} Qg6
{[%clk 0:54:00]} 17. Nh4 {[%clk 1:13:46]} Qg5 {[%clk 0:52:11]} 18. Nf5
{[%clk 1:13:17]} Bxf5 {[%clk 0:51:46]} 19. exf5 {[%clk 1:13:45]} h5
{[%clk 0:51:46]} 20. Ne3 {[%clk 1:12:41]} exd4 21. cxd4 {[%clk 1:13:06]} Rae8
{[%clk 0:38:05]} 22. h4 {[%clk 1:13:10]} Qf6 {[%clk 0:29:36]} 23. Qf3
{[%clk 0:54:41]} Nd3 {[%clk 0:28:09]} 24. Red1 {[%clk 0:54:43]} Nxb2
{[%clk 0:27:06]} 25. Rd2 {[%clk 0:55:02]} Bxd4 {[%clk 0:27:18]} 26. Rb1
{[%clk 0:55:25]} d5 {[%clk 0:26:55]} 27. Nf1 {[%clk 0:52:54]} Nc4
{[%clk 0:24:31]} 28. Bxc4 {[%clk 0:53:04]} dxc4 {[%clk 0:25:00]} 29. Rxb7
{[%clk 0:52:23]} c3 {[%clk 0:25:20]} 30. Rd1 {[%clk 0:52:24]} Qxh4
{[%clk 0:22:38]} 31. Ng3 {[%clk 0:43:17]} Rb8 {[%clk 0:20:27]} 32. Rb3
{[%clk 0:38:15]} Rfe8 {[%clk 0:18:05]} 33. Ne2 {[%clk 0:34:56]} Be5
{[%clk 0:15:12]} 34. g3 {[%clk 0:33:04]} Qc4 {[%clk 0:15:32]} 35. Rc1
{[%clk 0:33:14]} h4 {[%clk 0:13:48]} 36. Nxc3 {[%clk 0:30:37]} hxg3
{[%clk 0:13:42]} 37. fxg3 {[%clk 0:31:05]} Rxb3 {[%clk 0:11:28]} 38. axb3
{[%clk 0:31:31]} Qxb3 {[%clk 0:11:08]} 39. Qxc6 {[%clk 0:29:24]} Rd8
{[%clk 0:09:56]} 40. Ne4 {[%clk 0:53:34]} Qe3+ {[%clk 0:39:42]} 41. Kg2
{[%clk 0:53:08]} Qe2+ {[%clk 0:39:52]} 42. Nf2 {[%clk 0:52:02]} *